000 00630nam a2200229Ia 4500
003 OSt
005 20221007081153.0
006 a|||||r|||| 00| 0
007 ta
008 221006b |||||||| |||| 00| 0 eng d
024 _a16,773
037 _cTextual
040 _aFLL
_cFLL
_beng
041 _2eng
_aeng
082 _aY1:52:5(L):Z73, K8
100 _aWeinberg Roy D.
_9696597
245 0 _aLaws governing family planning
260 _aNew York
_bOceana Publications, Inc. USA
_c1968
300 _a118p
_ccm.
942 _hY1:52:5(L):Z73, K8
_cTEXL
_2CC
999 _c1162284
_d1162284